000 00873nam a2200229 i 4500
001 186464
003 SpMaBN
005 20260525062937.0
008 161115s1952 ag |||| |dspa d
080 _a821.134.2(72)-4"19"
100 1 _aReyes, Alfonso,
_d1889-1959
_996554
245 1 0 _aMedallones /
_cAlfonso Reyes.
250 _a2ª ed.
260 _aBuenos Aires :
_bEspasa-Calpe Argentina,
_c1952.
300 _a143 p. ;
_c18 cm.
490 1 _aColección austral ;
_v1054
505 8 _aContiene: ;
_tAntonio de Nebrija ;
_tRuiz de Alarcón ;
_tSor Juana Inés de la Cruz ;
_tSolís, el historiador de México ;
_tLos autos sacramentales en España y América
650 0 4 _aLiteratura hispanoamericana-
_xHistoria y crítica.
_914606
830 0 _aColección austral
_v1054
_9177655
852 _aES-MaACL
_jL-30816
_z. - Donat. Miguel A. Velasco
999 _c186464
_d186464